[Event "Bogota op 10"]
[Site "Bogota"]
[Date "2012.10.13"]
[Round "3"]
[White "Lopez Diaz, Fabio Enrique"]
[Black "Hernandez Fonseca, Maria Paula"]
[Result "0-1"]
[WhiteElo "1655"]
[BlackElo "1952"]
[PlyCount "71"]
[EventDate "2012.10.11"]
[EventType "swiss"]
[EventRounds "9"]
[EventCountry "COL"]
[SourceTitle "EXT 2013"]
[Source "ChessBase"]
[SourceDate "2012.11.22"]
[SourceVersion "1"]
[SourceVersionDate "2012.11.22"]
[SourceQuality "1"]

1. Nf3 d5 2. d4 Nf6 3. c4 c6 4. Nc3 e6 5. g3 Nbd7 6. Bg2 Bd6 7. a4 0-0 8. 0-0 b6 9. e4 dxe4 10. Ng5 Bb7 11. Ngxe4 Nxe4 12. Nxe4 Be7 13. Bf4 Nf6 14. Nc3 Qd7 15. a5 Ba6 16. Ra4 b5 17. cxb5 cxb5 18. Qd3 bxa4 19. Qxa6 Rad8 20. Rd1 Nd5 21. Nxd5 exd5 22. h3 Bf6 23. Kh2 Rc8 24. Rd2 Rfe8 25. Be3 Re6 26. Qd3 Rec6 27. Bf3 Qd8 28. Qb5 Rc2 29. Qxa4 Rxd2 30. Bxd2 Rc4 31. Qb5 Bxd4 32. Bxd5 Rc5 33. Bxf7+ Kxf7 34. Qb7+ Rc7 35. Qf3+ Bf6 36. Bf4 0-1

[Event "Bogota op 10"]
[Site "Bogota"]
[Date "2012.10.11"]
[Round "1"]
[White "Lopez Diaz, Fabio Enrique"]
[Black "Estrella Becerra, Fernando"]
[Result "0-1"]
[WhiteElo "1655"]
[BlackElo "2037"]
[PlyCount "132"]
[EventDate "2012.10.11"]
[EventType "swiss"]
[EventRounds "9"]
[EventCountry "COL"]
[SourceTitle "EXT 2013"]
[Source "ChessBase"]
[SourceDate "2012.11.22"]
[SourceVersion "1"]
[SourceVersionDate "2012.11.22"]
[SourceQuality "1"]

1. c4 e5 2. Nc3 Nf6 3. g3 g6 4. Bg2 Bg7 5. Nf3 d6 6. Qb3 Nc6 7. d3 0-0 8. 0-0 h6 9. a4 a5 10. e3 Rb8 11. d4 Bf5 12. Nb5 exd4 13. Nfxd4 Be4 14. f3 Nxd4 15. Nxd4 Bc6 16. Bd2 Ra8 17. Bc3 Re8 18. e4 Nd7 19. Rfd1 Nc5 20. Qc2 Bd7 21. b3 b6 22. Rab1 Qe7 23. Qd2 Kh7 24. Rb2 Rad8 25. Ne2 Bc6 26. Bxg7 Kxg7 27. Nd4 Bd7 28. Qc3 Kh7 29. Re2 Qe5 30. Qc2 Re7 31. g4 Rde8 32. Rf2 Qf4 33. Qc3 Qg5 34. h3 Qf6 35. Rb1 Qf4 36. Ne2 Qe5 37. Qxe5 dxe5 38. Nc3 c6 39. Rd2 Be6 40. Rd6 Rc7 41. Bf1 Na6 42. Rbd1 Kg7 43. Kf2 Nb4 44. R1d2 Kf8 45. Ke3 g5 46. Na2 Na6 47. Bd3 Ke7 48. Bc2 Nb8 49. Nc3 Rd7 50. Rxd7+ Bxd7 51. Bd1 Na6 52. Be2 Nb4 53. Bf1 Be6 54. Na2 Nxa2 55. Rxa2 Rd8 56. Rd2 Rxd2 57. Kxd2 Kd6 58. Kc3 Kc5 59. Bd3 Bd7 60. Be2 b5 61. axb5 cxb5 62. Bd1 bxc4 63. bxc4 a4 64. Bc2 a3 65. Bb3 Bc6 66. Ba2 Ba4 0-1